| 000 | 01811nam a2200253Ia 4500 | ||
|---|---|---|---|
| 999 |
_c51647 _d51647 |
||
| 001 | 18638 | ||
| 003 | GE_BSU | ||
| 005 | 20210406122458.0 | ||
| 008 | 181216s2016||||ge |||||||||||||| ||geo|| | ||
| 040 | _cGE_BSU | ||
| 041 | _ageo | ||
| 080 | _a33 ვ-25 | ||
| 100 |
_aვაშაყმაძე, დიანა _911096 |
||
| 245 |
_aინტეგრირებული მარკეტინგული კომუნიკაციების განვითარების პერსპექტივები და თავისებურებები საქართველოში / _cდიანა ვაშაყმაძე;სამეცნიერო ხელმძღვანელი ეკატერინე ბახტაძე; ბათუმის შოთა რუსთაველის სახ. უნ-ტი |
||
| 264 |
_aბათუმი : _bბათუმის შოთა რუსთაველის სახ. უნ-ტის გამ-ბა, _c2016. |
||
| 300 |
_a169 გვ.; _b30 სმ. |
||
| 504 | _aბიბლიოგრ. გვ. 148-159 | ||
| 653 | _aდისერტაცია | ||
| 653 | _aეკონომიკა | ||
| 653 | _aინტეგრირებული მარკეტინგული კომუნიკაციების განვითარების პერსპექტივები და თავისებურებები საქართველოში | ||
| 700 |
_aბახტაძე, ეკატერინე _eსამეცნიერო ხელმძღვანელი _911097 |
||
| 710 |
_aბსუ _bეკონომიკისა და ბიზნესის ფაკულტეტი _910751 |
||
| 942 |
_cBK _2udc |
||